| 000 | 00615nam a2200193 i 4500 | ||
|---|---|---|---|
| 001 | 30307 | ||
| 003 | ES-MaACL | ||
| 005 | 20230906154155.0 | ||
| 007 | t| | ||
| 008 | 030124s1956 sp ||||1| spa d | ||
| 100 | 1 |
_aBassols de Climent, Mariano. _926336 |
|
| 245 | 1 | 0 |
_aSintaxis latina / _cpor Mariano Bassols de Climent. |
| 260 |
_aMadrid : _bConsejo Superior de Investigaciones Científicas, _c1956 ( _fC. Bermejo) |
||
| 300 |
_a2 v. ; _c22 cm. |
||
| 490 | 1 |
_aEnciclopedia clásica ; _v3 |
|
| 830 | 0 |
_aEnciclopedia clásica ; _v3 _9181334 |
|
| 852 |
_aES-MaACL _jC-15416-7 _bR.43605 |
||
| 999 |
_c30307 _d30307 |
||